00446nam a2200181 a 4500001001300000003000900013005001700022008004100039020001000080082001500090100001800105245001700123260004600140300000900186500003500195650001600230700001800246nice12345678IN_TiNIC20260116011315.0070824s1938 laha grp 000 0 urd  ac10000a239bBAR14 aBarkat, Ullah aDin-E-fitrat aLahorebChristian Knowledge Societyc1938 a248p aincludes index and biblioraphy aApologetics1 aBarkat, Ullah